Loading...
| Literature - European | 0 | 9 | 1 | 0 | 85 | 90 | 105.78 | 0 | 3 | 0.00 | 0.00 |
| Literature - British | 0 | 8 | 0 | 0 | 80 | 18 | 84.13 | 2 | 5 | 0.00 | 0.00 |
| Literature - World | 0 | 7 | 1 | 0 | 65 | 45 | 72.57 | 2 | 7 | 0.00 | 0.00 |
| Literature - American | 0 | 5 | 0 | 0 | 50 | 29 | 75.20 | 2 | 4 | 0.00 | 0.00 |
| History - World | 0 | 5 | 1 | 2 | 45 | 71 | 109.40 | 0 | 3 | 0.00 | 0.00 |
| Mythology | 0 | 4 | 1 | 0 | 35 | 86 | 94.50 | 0 | 2 | 0.00 | 0.00 |
| History - European | 0 | 3 | 0 | 0 | 30 | 75 | 86.00 | 1 | 2 | 0.00 | 0.00 |
| Social Science | 0 | 2 | 0 | 0 | 20 | 71 | 77.50 | 0 | 2 | 0.00 | 0.00 |
| Fine Arts - Other | 0 | 2 | 0 | 0 | 20 | 102 | 122.50 | 0 | 1 | 0.00 | 0.00 |
| Philosophy | 0 | 2 | 0 | 1 | 20 | 82 | 101.50 | 0 | 0 | 0.00 | 0.00 |
| Fine Arts - Classical Music | 0 | 2 | 1 | 0 | 15 | 78 | 94.50 | 0 | 1 | 0.00 | 0.00 |
| Religion | 0 | 2 | 1 | 0 | 15 | 98 | 101.00 | 0 | 1 | 0.00 | 0.00 |
| History - Other | 0 | 2 | 1 | 0 | 15 | 59 | 86.50 | 1 | 1 | 0.00 | 0.00 |
| History - American | 0 | 1 | 0 | 0 | 10 | 44 | 44.00 | 0 | 1 | 0.00 | 0.00 |
| Geography | 0 | 0 | 1 | 0 | -5 | 0.00 | 0 | 0 | 0.00 | 0.00 |